000 01650nam0a2200337 4500
001 RU\NLR\bibl\567145
005 20260405064036.0
010 _a5-98124-022-9
_95000
021 _aRU
_b2004-54567
_92676
035 _a(NLR Aleph) 000559232
090 _a1521740
_c1521740
100 _a20041025d2004 |||y0rusy50 ca
101 0 _arus
_aeng
102 _aRU
105 _ay |||||||||
200 1 _aАнглийские неправильные глаголы
_e100 важнейших неправил. глаголов, необходимых для безошибоч. владения англ. яз.
_eУчеб. пособие
_fА.В. Петроченков
210 _aМ.
_cДобрая кн.
_d2004
215 _a215 с.
_d21
225 1 _aАнглийский с Александром Петроченковым- быстро и эффективно
300 _aЗагл. обл.: 100 важнейших неправильных глаголов английского языка
300 _aНа обл. авт. не указан
512 1 _a100 важнейших неправильных глаголов английского языка
606 0 _aАнглийский язык
_jУчебные издания для средней школы
_xГлагол
_9970528
_3RU\NLR\auth\6645116
686 _aШ143.21-93рус2-212.6
700 1 _4070
_8rus
_7ca
_aПетроченков
_bА. В.
_f1951-
_gАлександр Васильевич
_3RU\NLR\auth\7722343
_95402
801 0 _aRU
_bNLR
_c20041025
_gPSBO
801 1 _aRU
_bNLR
_c20041025
830 _aАвт. по ЭК
942 _cBOOK
980 _aNB